| 000 | 00564nam a2200229Ia 4500 | ||
|---|---|---|---|
| 008 | 180523s9999 xx 000 0 und d | ||
| 020 | _a981-24-4897-7 | ||
| 050 | _aMAIN DS 33 | ||
| 050 | _b.M87 2003 | ||
| 100 | _aMurphey, Rhoads. | ||
| 245 | 0 | _aAsian history and heritage / | |
| 245 | 0 | _cRhoads Murphey. | |
| 250 | _a4th Edition | ||
| 260 | _aNew York : | ||
| 260 | _bLongman Group Ltd., | ||
| 260 | _c2005 | ||
| 300 | _a474 pages : | ||
| 300 | _billustrations ; | ||
| 300 | _c25 cm. | ||
| 500 | _aIncludes index. | ||
| 650 | _aAsia -- History. | ||
| 999 |
_c356612 _d356612 |
||